| 000 | 00449nam a2200181Ia 4500 | ||
|---|---|---|---|
| 008 | 231221s9999 xx 000 0 und d | ||
| 020 | _a8120328795 | ||
| 041 | _aEnglish | ||
| 082 | _a658.152 HUL; | ||
| 100 | _aHull, John C | ||
| 245 | 0 | _aOptions, futures, and other derivatives | |
| 250 | _a6th ed. | ||
| 260 |
_c2006 _bPHI _aNew Delhi |
||
| 300 | _axxii+789 | ||
| 300 | _c44292 | ||
| 650 | _aOptions,,futures,,derivatives | ||
| 942 | _cCD | ||
| 999 |
_c203636 _d203636 |
||